Probing war and warfare / (Record no. 67665)

MARC details
000 -LEADER
fixed length control field 00416nam a22001457a 4500
005 - DATE AND TIME OF LATEST TRANSACTION
control field 20180723171119.0
020 ## - INTERNATIONAL STANDARD BOOK NUMBER
International Standard Book Number 8176487228
Terms of availability 695.00
035 ## - SYSTEM CONTROL NUMBER
System control number B-216390, B-216389
037 ## - SOURCE OF ACQUISITION
Stock number DPL
Source of stock number/acquisition ENG
100 ## - MAIN ENTRY--PERSONAL NAME
Personal name Khan, J.A.
245 ## - TITLE STATEMENT
Title Probing war and warfare /
Statement of responsibility, etc by J.A. Khan
260 ## - PUBLICATION, DISTRIBUTION, ETC. (IMPRINT)
Place of publication, distribution, etc New Delhi
Name of publisher, distributor, etc APH Publishing Corporation
Date of publication, distribution, etc 2005
300 ## - PHYSICAL DESCRIPTION
Extent xli, 254p.
Dimensions 20 cms.
942 ## - ADDED ENTRY ELEMENTS (KOHA)
Source of classification or shelving scheme Dewey Decimal Classification
Item type English Books
Classification part 355.02
Call number suffix KHA
Holdings
Withdrawn status Lost status Not for loan Collection code Home library Current library Date acquired Cost, normal purchase price Full call number Barcode Cost, replacement price Koha item type Source of acquisition
      Non-fiction Patel Nagar Patel Nagar 23/07/2018 695.00 355.02 KHA B-216389 695.00 English Books BPPD/PUB
      Non-fiction Sarojini Nagar Sarojini Nagar 07/06/2012 695.00 355.02 KHA B-216390 695.00 English Books  

© Delhi Public Library
Hit Counter
free hit counter